[Event "CZE-chT2D 1920"]
[Site "Czech Republic"]
[Date "2019.12.01"]
[Round "4.8"]
[White "Novotny, Ondrej"]
[Black "Pinkava, Josef"]
[Result "1-0"]
[WhiteElo "1823"]
[BlackElo "1875"]
[PlyCount "93"]
[EventDate "2019.10.13"]
[EventType "team-tourn"]
[EventRounds "11"]
[EventCountry "CZE"]
[SourceTitle "EXT 2024"]
[Source "ChessBase"]
[SourceDate "2023.10.10"]
[SourceVersion "1"]
[SourceVersionDate "2023.10.10"]
[SourceQuality "1"]
[WhiteTeam "Chotebor"]
[BlackTeam "Nachod Snezka"]
[WhiteTeamCountry "CZE"]
[BlackTeamCountry "CZE"]

1. e4 c5 2. b4 cxb4 3. a3 e6 4. axb4 Bxb4 5. c3 Be7 6. d4 Nf6 7. f4 d6 8. Bd3 Nc6 9. Nf3 0-0 10. 0-0 Re8 11. Qc2 g6 12. Ng5 Rf8 13. h4 e5 14. fxe5 dxe5 15. d5 Nb8 16. Na3 Nbd7 17. Nc4 Bc5+ 18. Kh1 Kg7 19. Nf3 Qe8 20. Bg5 Nh5 21. Kh2 f6 22. Bd2 Nb6 23. Ne3 Nf4 24. g3 Nxd3 25. Qxd3 Bd7 26. c4 a6 27. Rac1 Rc8 28. g4 Na4 29. Rg1 b5 30. Rg3 Qe7 31. Rcg1 Bd6 32. h5 Nb2 33. Qe2 bxc4 34. Qg2 g5 35. Nf5+ Bxf5 36. h6+ Kh8 37. gxf5 Rg8 38. Nxg5 Nd3 39. Ne6 Rxg3 40. Qxg3 Nc5 41. Qh3 Nxe4 42. Rg7 Qe8 43. Qg4 Ng5 44. Bxg5 fxg5 45. Qxg5 e4+ 46. Kg2 Be5 47. f6 1-0

[Event "CZE-chT2D 1718"]
[Site "Czech Republic"]
[Date "2017.12.17"]
[Round "5.8"]
[White "Dolezel, Jiri"]
[Black "Pinkava, Josef"]
[Result "1/2-1/2"]
[WhiteElo "1896"]
[BlackElo "1859"]
[PlyCount "55"]
[EventDate "2017.10.15"]
[EventType "team-tourn"]
[EventRounds "11"]
[EventCountry "CZE"]
[SourceTitle "EXT 2022"]
[Source "ChessBase"]
[SourceDate "2021.10.06"]
[SourceVersion "1"]
[SourceVersionDate "2021.10.06"]
[SourceQuality "1"]
[WhiteTeam "Velke Losiny"]
[BlackTeam "Nachod"]
[WhiteTeamCountry "CZE"]
[BlackTeamCountry "CZE"]

1. e4 c5 2. Nf3 d6 3. d4 cxd4 4. Nxd4 Nc6 5. Nc3 Nf6 6. g3 g6 7. Bg2 Bd7 8. 0-0 Bg7 9. Nde2 0-0 10. h3 Re8 11. Be3 Ne5 12. b3 Bc6 13. Qd2 Qc8 14. g4 Rf8 15. f4 Ned7 16. Rad1 Nc5 17. Ng3 b6 18. g5 Ne8 19. Nd5 Qb7 20. Bd4 e5 21. Be3 Rd8 22. f5 f6 23. fxg6 hxg6 24. gxf6 Nxf6 25. Bg5 Bxd5 26. Bxf6 Rxf6 27. Rxf6 Bxf6 28. Qxd5+ 1/2-1/2

[Event "Nachod op 11th"]
[Site "Nachod"]
[Date "2013.07.04"]
[Round "6"]
[White "Krticka, Vaclav"]
[Black "Pinkava, Josef"]
[Result "1/2-1/2"]
[WhiteElo "1661"]
[BlackElo "1899"]
[PlyCount "32"]
[EventDate "2013.06.29"]
[EventType "swiss"]
[EventRounds "9"]
[EventCountry "CZE"]
[SourceTitle "CBM 155 Extra"]
[Source "ChessBase"]
[SourceDate "2013.08.26"]
[SourceVersion "1"]
[SourceVersionDate "2013.08.26"]
[SourceQuality "1"]

1. e4 c5 2. Bc4 Nc6 3. Nc3 d6 4. Nf3 Nf6 5. h3 g6 6. d3 Bg7 7. 0-0 0-0 8. Re1 Na5 9. Bb3 Nxb3 10. axb3 a6 11. Bg5 Nd7 12. Qd2 Re8 13. Rab1 Ne5 14. Nxe5 Bxe5 15. Nd5 Bg7 16. c3 Bd7 1/2-1/2

[Event "Nachod op 11th"]
[Site "Nachod"]
[Date "2013.07.01"]
[Round "3"]
[White "Slampa, Jan"]
[Black "Pinkava, Josef"]
[Result "1-0"]
[WhiteElo "2070"]
[BlackElo "1899"]
[PlyCount "49"]
[EventDate "2013.06.29"]
[EventType "swiss"]
[EventRounds "9"]
[EventCountry "CZE"]
[SourceTitle "CBM 155 Extra"]
[Source "ChessBase"]
[SourceDate "2013.08.26"]
[SourceVersion "1"]
[SourceVersionDate "2013.08.26"]
[SourceQuality "1"]

1. e4 c5 2. Nf3 d6 3. d4 cxd4 4. Nxd4 Nf6 5. Nc3 g6 6. Bc4 Bg7 7. f3 0-0 8. Be3 Nc6 9. Bb3 Na5 10. Qd2 Bd7 11. 0-0-0 Nxb3+ 12. Nxb3 Re8 13. Bh6 Bh8 14. h4 Rc8 15. g4 Be6 16. Nd4 Qa5 17. Nxe6 fxe6 18. h5 Nxh5 19. gxh5 Rxc3 20. hxg6 Qxa2 21. gxh7+ Kf7 22. Qf4+ Bf6 23. bxc3 Rc8 24. Kd2 Rxc3 25. Qxf6+ 1-0

[Event "Nachod op 9th"]
[Site "Nachod"]
[Date "2011.07.07"]
[Round "6.29"]
[White "Pinkava, Josef"]
[Black "Zoubek, David"]
[Result "1-0"]
[WhiteElo "1960"]
[BlackElo "1680"]
[PlyCount "81"]
[EventDate "2011.07.02"]
[EventType "swiss"]
[EventRounds "9"]
[EventCountry "CZE"]
[SourceTitle "EXT 2012"]
[Source "ChessBase"]
[SourceDate "2011.11.24"]
[SourceVersion "1"]
[SourceVersionDate "2011.11.24"]
[SourceQuality "1"]

1. e4 c5 2. Nf3 d6 3. c4 Nc6 4. d4 cxd4 5. Nxd4 Nf6 6. Nc3 g6 7. f3 Bg7 8. Be3 0-0 9. Rc1 Bd7 10. Qd2 Rc8 11. Be2 a6 12. 0-0 Re8 13. Rfd1 Nxd4 14. Bxd4 Qa5 15. Be3 Qh5 16. b3 Red8 17. a4 Qa5 18. Na2 Qxd2 19. Rxd2 Be6 20. Rdc2 Nd7 21. b4 Ne5 22. b5 axb5 23. cxb5 Rxc2 24. Rxc2 Bb3 25. Rc7 Bxa2 26. Rxb7 Bc4 27. Kf2 Ra8 28. a5 Bxe2 29. Kxe2 Rxa5 30. b6 Ra8 31. Rc7 Rb8 32. b7 Bf8 33. Ba7 Rxb7 34. Rxb7 e6 35. Bd4 Nc6 36. Bc3 d5 37. exd5 exd5 38. Rc7 Ne7 39. Rd7 Nf5 40. Rd8 d4 41. Bb4 1-0

[Event "Nachod op 9th"]
[Site "Nachod"]
[Date "2011.07.04"]
[Round "3.10"]
[White "Jirka, Jiri"]
[Black "Pinkava, Josef"]
[Result "1-0"]
[WhiteElo "2418"]
[BlackElo "1960"]
[PlyCount "77"]
[EventDate "2011.07.02"]
[EventType "swiss"]
[EventRounds "9"]
[EventCountry "CZE"]
[SourceTitle "EXT 2012"]
[Source "ChessBase"]
[SourceDate "2011.11.24"]
[SourceVersion "1"]
[SourceVersionDate "2011.11.24"]
[SourceQuality "1"]

1. d4 d5 2. Nf3 c6 3. c4 e6 4. g3 Nf6 5. Bg2 Nbd7 6. Qc2 Be7 7. 0-0 0-0 8. Rd1 Ne4 9. b3 f5 10. Bb2 Ndf6 11. Ne5 Bd6 12. f3 Ng5 13. Nd2 Qc7 14. c5 Bxe5 15. dxe5 Nd7 16. Bd4 Nf7 17. f4 b5 18. cxb6 axb6 19. Rac1 Bb7 20. b4 Rfc8 21. Nf3 Qd8 22. a4 Qe7 23. Qc3 Nd8 24. a5 b5 25. Rc2 Ra6 26. Rdc1 g5 27. Qd2 Nf7 28. Be3 g4 29. Nd4 Qe8 30. Rc3 Nb8 31. Qc2 Rd8 32. Nb3 Nd7 33. Bc5 Kg7 34. e3 Ba8 35. Nd4 Rb8 36. Bf1 Nxc5 37. Rxc5 Nd8 38. Bd3 h5 39. h3 1-0

[Event "Pardubice Oce op 19th"]
[Site "Pardubice"]
[Date "2008.07.11"]
[Round "2"]
[White "Pinkava, Josef"]
[Black "Potapov, Alexander1"]
[Result "0-1"]
[WhiteElo "2008"]
[BlackElo "2451"]
[PlyCount "52"]
[EventDate "2008.07.10"]
[EventType "team-tourn"]
[EventRounds "7"]
[EventCountry "CZE"]
[SourceTitle "CBM 125 Extra"]
[Source "ChessBase"]
[SourceDate "2008.09.01"]
[SourceVersion "1"]
[SourceVersionDate "2008.09.01"]
[SourceQuality "1"]

1. e4 e5 2. Nf3 Nc6 3. d4 exd4 4. Nxd4 Nf6 5. Nxc6 bxc6 6. e5 Qe7 7. Qe2 Nd5 8. c4 Ba6 9. b3 g5 10. Bb2 Bg7 11. g3 0-0-0 12. Bg2 Rde8 13. 0-0 Bxe5 14. Qd2 Bxb2 15. Qxb2 Qf6 16. Qa3 Nb4 17. Nd2 c5 18. Rad1 Re2 19. Qa5 Qb6 20. Qxb6 axb6 21. a3 Nc2 22. Ne4 g4 23. Nf6 Nd4 24. Nxg4 Nxb3 25. Bd5 Nd2 26. Ne3 Nxf1 0-1

[Event "Nachod op"]
[Site "Nachod"]
[Date "2006.07.08"]
[Round "8"]
[White "Pinkava, Josef"]
[Black "Iatrino, Vincenzo"]
[Result "1-0"]
[WhiteElo "2024"]
[BlackElo "1854"]
[PlyCount "95"]
[EventDate "2006.07.01"]
[EventType "swiss"]
[EventRounds "9"]
[EventCountry "CZE"]
[SourceTitle "CBM 113 Extra"]
[Source "ChessBase"]
[SourceDate "2006.09.14"]
[SourceVersion "1"]
[SourceVersionDate "2006.09.14"]
[SourceQuality "1"]

1. e4 c5 2. Nf3 d6 3. d4 cxd4 4. Nxd4 Nf6 5. Nc3 a6 6. f3 Qc7 7. Be3 Nc6 8. Qd2 g6 9. 0-0-0 Bg7 10. g4 Nxd4 11. Bxd4 Be6 12. Kb1 0-0 13. h4 h5 14. gxh5 Nxh5 15. Bxg7 Kxg7 16. Bh3 Qc5 17. Ne2 Bxh3 18. Rxh3 Rfd8 19. Rf1 d5 20. e5 Rac8 21. Nd4 e6 22. f4 Qc4 23. Rf2 Kh7 24. Rhf3 Rg8 25. b3 Qc7 26. Qd3 Ng7 27. Rg3 Nf5 28. Nxf5 gxf5 29. Rg5 Rg6 30. Qe2 Qc3 31. Rfg2 Kg7 32. Rxg6+ fxg6 33. h5 d4 34. Rxg6+ Kf7 35. Rg1 Rg8 36. Rxg8 Kxg8 37. Qg2+ Kf8 38. Qe2 b5 39. h6 Qh3 40. Qd2 Qh1+ 41. Kb2 Qxh6 42. Qxd4 Ke8 43. Qd6 Qxf4 44. Qxe6+ Kf8 45. Qf6+ Kg8 46. e6 Qe3 47. e7 b4 48. Qg6+ 1-0

[Event "Hradec Kralove Region-chT 0506"]
[Site "Czech Republic"]
[Date "2006.04.02"]
[Round "11.6"]
[White "Palij, Lubomir"]
[Black "Pinkava, Josef"]
[Result "1/2-1/2"]
[WhiteElo "1864"]
[BlackElo "2036"]
[PlyCount "44"]
[EventDate "2005.10.23"]
[EventType "team-tourn"]
[EventRounds "11"]
[EventCountry "CZE"]
[SourceTitle "EXT 2024"]
[Source "ChessBase"]
[SourceDate "2023.10.10"]
[SourceVersion "1"]
[SourceVersionDate "2023.10.10"]
[SourceQuality "1"]
[WhiteTeam "Lipa"]
[BlackTeam "Broumov Slovan"]
[WhiteTeamCountry "CZE"]
[BlackTeamCountry "CZE"]

1. d4 d5 2. Nf3 Nf6 3. c4 e6 4. Bg5 a6 5. e3 dxc4 6. Bxc4 b5 7. Bb3 Bb7 8. Nbd2 Be7 9. 0-0 Nbd7 10. a4 0-0 11. axb5 axb5 12. Qe2 Rb8 13. Rfc1 c6 14. Bf4 Rc8 15. h3 Qb6 16. Ne5 c5 17. Nxd7 Nxd7 18. dxc5 Nxc5 19. Be5 Nxb3 20. Nxb3 Bf6 21. Bxf6 gxf6 22. Nd4 b4 1/2-1/2

[Event "Hradec Kralove Region-chT 0506"]
[Site "Czech Republic"]
[Date "2006.03.19"]
[Round "10.6"]
[White "Pinkava, Josef"]
[Black "Machacek, Jiri"]
[Result "1-0"]
[WhiteElo "2036"]
[BlackElo "1740"]
[PlyCount "74"]
[EventDate "2005.10.23"]
[EventType "team-tourn"]
[EventRounds "11"]
[EventCountry "CZE"]
[SourceTitle "EXT 2024"]
[Source "ChessBase"]
[SourceDate "2023.10.10"]
[SourceVersion "1"]
[SourceVersionDate "2023.10.10"]
[SourceQuality "1"]
[WhiteTeam "Broumov Slovan"]
[BlackTeam "Lipa III"]
[WhiteTeamCountry "CZE"]
[BlackTeamCountry "CZE"]

1. e4 e6 2. d3 c5 3. g3 Nc6 4. Bg2 Be7 5. Nf3 Nf6 6. 0-0 d6 7. Re1 e5 8. Nbd2 Be6 9. Nf1 0-0 10. Ne3 Qd7 11. Nh4 Rac8 12. Nhf5 Nd4 13. g4 Ne8 14. c3 Bxf5 15. gxf5 Nc6 16. Nd5 Bf6 17. Qg4 Kh8 18. Re3 Qd8 19. Rh3 g6 20. fxg6 fxg6 21. Qxg6 Bh4 22. Qh5 Bxf2+ 23. Kh1 Qd7 24. Bg5 Qf7 25. Qxf7 Rxf7 26. Rf1 Nd8 27. Rf3 Rxf3 28. Bxf3 Ne6 29. Bg4 N8g7 30. Rxf2 h5 31. Bxe6 Nxe6 32. Bf6+ Kh7 33. Be7 c4 34. dxc4 Rxc4 35. Bxd6 Ng5 36. Bxe5 Nxe4 37. Nf6+ Kg6 1-0

[Event "Hradec Kralove Region-chT 0506"]
[Site "Czech Republic"]
[Date "2006.02.05"]
[Round "7.7"]
[White "Machlowski, Slawomir"]
[Black "Pinkava, Josef"]
[Result "1-0"]
[WhiteElo "2060"]
[BlackElo "2036"]
[PlyCount "91"]
[EventDate "2005.10.23"]
[EventType "team-tourn"]
[EventRounds "11"]
[EventCountry "CZE"]
[SourceTitle "EXT 2024"]
[Source "ChessBase"]
[SourceDate "2023.10.10"]
[SourceVersion "1"]
[SourceVersionDate "2023.10.10"]
[SourceQuality "1"]
[WhiteTeam "Rychnov nad Kneznou"]
[BlackTeam "Broumov Slovan"]
[WhiteTeamCountry "CZE"]
[BlackTeamCountry "CZE"]

1. g3 d5 2. Nf3 c6 3. c4 e6 4. Bg2 Nf6 5. cxd5 exd5 6. Qc2 Bd6 7. 0-0 0-0 8. d3 h6 9. e4 Re8 10. Nc3 dxe4 11. dxe4 Nbd7 12. Rd1 Qe7 13. Nd4 Bc5 14. h3 Nb6 15. b3 Be6 16. Be3 Bxd4 17. Bxd4 Rad8 18. Kh2 Nfd7 19. Ne2 f6 20. g4 Rc8 21. Ng3 c5 22. Bc3 Ne5 23. f4 Nc6 24. Qb2 c4 25. Nh5 Rf8 26. g5 hxg5 27. fxg5 Ne5 28. gxf6 gxf6 29. Nf4 cxb3 30. axb3 Qf7 31. Rg1 Kh7 32. Bxe5 fxe5 33. Nxe6 Qxe6 34. Rxa7 Rc7 35. Qe2 Qh6 36. Rf1 Rf4 37. Qe3 Rcf7 38. Rxf4 exf4 39. Qf3 Qd6 40. Ra5 Nd7 41. Rg5 Kh8 42. e5 Qe7 43. Qh5+ Rh7 44. Qg6 Rg7 45. Rh5+ Rh7 46. Bd5 1-0

[Event "Hradec Kralove Region-chT 0506"]
[Site "Czech Republic"]
[Date "2005.11.27"]
[Round "3.7"]
[White "Back, Tomas"]
[Black "Pinkava, Josef"]
[Result "0-1"]
[WhiteElo "1571"]
[BlackElo "2036"]
[PlyCount "76"]
[EventDate "2005.10.23"]
[EventType "team-tourn"]
[EventRounds "11"]
[EventCountry "CZE"]
[SourceTitle "EXT 2024"]
[Source "ChessBase"]
[SourceDate "2023.10.10"]
[SourceVersion "1"]
[SourceVersionDate "2023.10.10"]
[SourceQuality "1"]
[WhiteTeam "Jaromer Jiskra"]
[BlackTeam "Broumov Slovan"]
[WhiteTeamCountry "CZE"]
[BlackTeamCountry "CZE"]

1. e4 c5 2. Nf3 d6 3. Nc3 Nc6 4. d3 g6 5. Ne2 Bg7 6. c3 Nf6 7. Ng3 0-0 8. Be2 a6 9. 0-0 b5 10. Be3 Bb7 11. d4 cxd4 12. Nxd4 Nxd4 13. Bxd4 e5 14. Be3 Nxe4 15. Nxe4 Bxe4 16. Bf3 d5 17. Bxe4 dxe4 18. Qg4 f5 19. Qh3 Qc7 20. Rad1 Rad8 21. Rxd8 Rxd8 22. g3 Qc4 23. Qh4 Rd7 24. b3 Qe2 25. c4 bxc4 26. bxc4 Qxa2 27. c5 Qa4 28. Rb1 Rd1+ 29. Rxd1 Qxd1+ 30. Kg2 Qd7 31. Qg5 Qc7 32. h4 Kf7 33. h5 Qe7 34. hxg6+ hxg6 35. c6 Qxg5 36. Bxg5 Ke6 37. c7 Kd7 38. Bd8 Bf8 0-1

[Event "Nachod op 0405"]
[Site "Nachod"]
[Date "2004.??.??"]
[Round "2"]
[White "Hejzlar, Zdenek"]
[Black "Pinkava, Josef"]
[Result "1/2-1/2"]
[WhiteElo "1835"]
[BlackElo "1845"]
[PlyCount "101"]
[EventDate "2004.12.??"]
[EventType "swiss"]
[EventRounds "9"]
[EventCountry "CZE"]
[SourceTitle "EXT 2007"]
[Source "ChessBase"]
[SourceDate "2006.11.23"]
[SourceVersion "1"]
[SourceVersionDate "2006.11.23"]
[SourceQuality "1"]

1. d4 d5 2. Nf3 c6 3. c4 e6 4. Nc3 Nf6 5. Bg5 Be7 6. e3 Nbd7 7. c5 Nh5 8. Bxe7 Qxe7 9. b4 g6 10. b5 Qd8 11. Be2 Ng7 12. 0-0 0-0 13. bxc6 bxc6 14. Qa4 Qc7 15. Rfb1 Bb7 16. Rb3 Rfb8 17. Rab1 Bc8 18. Ba6 f6 19. Bxc8 Rxb3 20. Rxb3 Qxc8 21. e4 h6 22. Qa5 Kf7 23. Nd2 Ne8 24. exd5 exd5 25. Ne2 Nc7 26. Nf4 Ne6 27. Nxe6 Kxe6 28. Qc3 Kf7 29. Qh3 h5 30. Qg3 Rb8 31. Re3 Nf8 32. Rb3 Rxb3 33. Qxb3 Qa6 34. g3 Kg7 35. Kg2 Ne6 36. Nf3 Qc8 37. Qd3 Qb7 38. Nh4 Nf8 39. Qe3 Kf7 40. Qh6 Qb1 41. Qd2 Qb5 42. Qf4 Qb7 43. Nf3 Ne6 44. Qd2 Qb5 45. h4 Qa4 46. Qb2 Qb5 47. Qa3 Qb7 48. Qa5 Ke7 49. a4 Kf7 50. Qd2 Qb3 51. Qa5 1/2-1/2

[Event "Nachod op 0405"]
[Site "Nachod"]
[Date "2004.??.??"]
[Round "7"]
[White "Hradecky, Ivo"]
[Black "Pinkava, Josef"]
[Result "0-1"]
[WhiteElo "2095"]
[BlackElo "1845"]
[PlyCount "100"]
[EventDate "2004.12.??"]
[EventType "swiss"]
[EventRounds "9"]
[EventCountry "CZE"]
[SourceTitle "EXT 2007"]
[Source "ChessBase"]
[SourceDate "2006.11.23"]
[SourceVersion "1"]
[SourceVersionDate "2006.11.23"]
[SourceQuality "1"]

1. e4 c5 2. Nf3 d6 3. d4 cxd4 4. Nxd4 Nf6 5. Nc3 g6 6. Bc4 Bg7 7. 0-0 0-0 8. Re1 Nc6 9. Nxc6 bxc6 10. h3 Nd7 11. Be3 Nb6 12. Bb3 Bb7 13. a4 a5 14. h4 Nc8 15. h5 e6 16. Qd2 d5 17. Bh6 Qh4 18. Bxg7 Kxg7 19. Re3 Rh8 20. Rh3 Qe7 21. h6+ Kf8 22. e5 Ke8 23. Rf3 Nb6 24. Qf4 Rd8 25. Rd1 Rf8 26. Qe3 Qc7 27. Qg5 Nd7 28. Re1 Qb6 29. Rf4 Qc5 30. Re3 Qe7 31. Qg4 Rc8 32. Qe2 Qc5 33. Qd2 Rd8 34. Ne2 Nb6 35. Rc3 Qe7 36. Qd4 Qc7 37. Rd3 Nd7 38. Re3 c5 39. Qc3 Rc8 40. Qd2 Nxe5 41. Nc3 Nc4 42. Bxc4 Qxf4 43. Bxd5 Rd8 44. Qd3 Qb4 45. Re5 Qxb2 46. Qe3 Bxd5 47. Nxd5 Qa1+ 48. Kh2 Rd6 49. Nf6+ Ke7 50. Rxc5 Qxf6 0-1

[Event "Nachod op 0405"]
[Site "Nachod"]
[Date "2004.??.??"]
[Round "3"]
[White "Pinkava, Josef"]
[Black "Ringel, Zbynek"]
[Result "0-1"]
[WhiteElo "1845"]
[BlackElo "2150"]
[PlyCount "62"]
[EventDate "2004.12.??"]
[EventType "swiss"]
[EventRounds "9"]
[EventCountry "CZE"]
[SourceTitle "EXT 2007"]
[Source "ChessBase"]
[SourceDate "2006.11.23"]
[SourceVersion "1"]
[SourceVersionDate "2006.11.23"]
[SourceQuality "1"]

1. e4 d6 2. d4 e5 3. c3 Nf6 4. Bd3 Nc6 5. Ne2 g6 6. 0-0 Bg7 7. Bg5 h6 8. Bxf6 Qxf6 9. d5 Nb8 10. c4 a5 11. Qc2 0-0 12. Nbc3 Na6 13. a3 Bg4 14. f3 Bd7 15. Rab1 h5 16. b4 Bh6 17. Kh1 axb4 18. axb4 c5 19. dxc6 bxc6 20. b5 Nc5 21. bxc6 Bxc6 22. Rb6 Rac8 23. Ra1 h4 24. Qd1 Be3 25. Bc2 Nd3 26. Bxd3 Bxb6 27. Qf1 Bc5 28. Nd5 Bxd5 29. exd5 Qg5 30. f4 exf4 31. Nxf4 Rfe8 0-1

[Event "Nachod op 0405"]
[Site "Nachod"]
[Date "2004.??.??"]
[Round "4"]
[White "Vrnata, Jiri"]
[Black "Pinkava, Josef"]
[Result "1-0"]
[WhiteElo "1950"]
[BlackElo "1845"]
[PlyCount "99"]
[EventDate "2004.12.??"]
[EventType "swiss"]
[EventRounds "9"]
[EventCountry "CZE"]
[SourceTitle "EXT 2007"]
[Source "ChessBase"]
[SourceDate "2006.11.23"]
[SourceVersion "1"]
[SourceVersionDate "2006.11.23"]
[SourceQuality "1"]

1. e4 c5 2. Nf3 d6 3. d4 cxd4 4. Nxd4 Nf6 5. Nc3 Nc6 6. Bg5 e5 7. Ndb5 a6 8. Na3 Be7 9. Bxf6 gxf6 10. Nd5 Be6 11. Bd3 Rc8 12. c4 Nd4 13. Nc2 Nxc2+ 14. Qxc2 Rg8 15. 0-0 h5 16. f4 h4 17. Rf2 Bxd5 18. exd5 Qb6 19. Raf1 Kd8 20. Kh1 Kc7 21. fxe5 dxe5 22. c5 Qxc5 23. Qxc5+ Bxc5 24. Rxf6 Rcd8 25. Rc1 Rxd5 26. Be4 Rd4 27. Rxc5+ Kb8 28. Bf3 e4 29. Rf4 Rgd8 30. Be2 Rd2 31. Bf1 Re8 32. Rc4 f5 33. h3 e3 34. Rxf5 e2 35. Bxe2 Rexe2 36. Rg4 Rxb2 37. a4 Kc7 38. Rh5 b5 39. axb5 axb5 40. Rhxh4 b4 41. Rh6 b3 42. Rg7+ Kd8 43. Rh8+ Re8 44. Rhh7 Kc8 45. h4 Rb1+ 46. Kh2 b2 47. Rc7+ Kb8 48. Rb7+ Kc8 49. Rhc7+ Kd8 50. Rc2 1-0

[Event "Nachod op 9th"]
[Site "Nachod"]
[Date "2003.??.??"]
[Round "6"]
[White "Pinkava, Josef"]
[Black "Folta, Jaroslav"]
[Result "0-1"]
[WhiteElo "1835"]
[BlackElo "1960"]
[PlyCount "50"]
[EventDate "2003.??.??"]
[EventType "swiss"]
[EventRounds "9"]
[EventCountry "CZE"]
[SourceTitle "EXT 2007"]
[Source "ChessBase"]
[SourceDate "2006.11.23"]
[SourceVersion "1"]
[SourceVersionDate "2006.11.23"]
[SourceQuality "1"]

1. e4 c6 2. d4 d5 3. exd5 cxd5 4. c4 Nf6 5. Nc3 e6 6. Nf3 Be7 7. Bf4 0-0 8. Be2 a6 9. c5 b6 10. b4 a5 11. a3 Bb7 12. 0-0 Ne4 13. Qc2 g5 14. Bxb8 Rxb8 15. Ne1 Bf6 16. Rd1 axb4 17. axb4 bxc5 18. bxc5 Qa5 19. Nb5 Ba6 20. f3 Nxc5 21. Nc3 Nb3 22. Bxa6 Qxa6 23. Ne2 Rfc8 24. Qd3 Qxd3 25. Rxd3 Rc4 0-1

[Event "Nachod op 8th"]
[Site "Nachod"]
[Date "2002.??.??"]
[Round "5"]
[White "Novotny, Josef"]
[Black "Pinkava, Josef"]
[Result "1-0"]
[WhiteElo "2110"]
[BlackElo "1850"]
[PlyCount "49"]
[EventDate "2002.??.??"]
[EventType "swiss"]
[EventRounds "9"]
[EventCountry "CZE"]
[SourceTitle "EXT 2007"]
[Source "ChessBase"]
[SourceDate "2006.11.23"]
[SourceVersion "1"]
[SourceVersionDate "2006.11.23"]
[SourceQuality "1"]

1. e3 d5 2. d3 c5 3. Nf3 e6 4. Be2 b6 5. 0-0 Nc6 6. Nbd2 Bb7 7. b3 Nf6 8. Bb2 Be7 9. e4 d4 10. a4 Bd6 11. Nc4 e5 12. Bc1 0-0 13. Nh4 Ne8 14. Nf5 Ba6 15. Ncxd6 Nxd6 16. f4 f6 17. Qe1 Qc7 18. fxe5 fxe5 19. Qh4 Nxf5 20. exf5 Nb4 21. f6 Rxf6 22. Rxf6 gxf6 23. Bh6 Qe7 24. Rf1 Nd5 25. Bf3 1-0

[Event "Nachod op 7th"]
[Site "Nachod"]
[Date "2001.??.??"]
[Round "6"]
[White "Hejkrlik, Filip"]
[Black "Pinkava, Josef"]
[Result "0-1"]
[WhiteElo "2000"]
[BlackElo "1865"]
[PlyCount "66"]
[EventDate "2001.??.??"]
[EventType "swiss"]
[EventRounds "9"]
[EventCountry "CZE"]
[SourceTitle "EXT 2007"]
[Source "ChessBase"]
[SourceDate "2006.11.23"]
[SourceVersion "1"]
[SourceVersionDate "2006.11.23"]
[SourceQuality "1"]

1. g3 e6 2. Bg2 d5 3. d3 Nf6 4. Nd2 c6 5. e3 Bd6 6. Ne2 0-0 7. b3 e5 8. Bb2 Re8 9. h3 Nbd7 10. c4 dxc4 11. Nxc4 Bc7 12. Qc2 Nb6 13. g4 Nfd5 14. Bxd5 Nxd5 15. a3 Qh4 16. e4 Nb6 17. Ne3 Qe7 18. Ng3 f6 19. h4 Rd8 20. 0-0-0 Be6 21. g5 Nd7 22. gxf6 Nxf6 23. Ngf5 Qf8 24. Rdg1 Rd7 25. h5 Rad8 26. Rg2 Kh8 27. Nh4 Qf7 28. Bxe5 Rxd3 29. Bc3 Bxb3 30. Qb2 Rxc3+ 31. Qxc3 Nxe4 32. Qa1 Qe7 33. Nf3 Bf4 0-1

[Event "Nachodsko-ch"]
[Site "Nachod"]
[Date "2001.??.??"]
[Round "6"]
[White "Hubka, Lubos"]
[Black "Pinkava, Josef"]
[Result "1/2-1/2"]
[WhiteElo "1615"]
[BlackElo "1880"]
[PlyCount "55"]
[EventDate "2001.??.??"]
[EventType "tourn"]
[EventRounds "13"]
[EventCountry "CZE"]
[SourceTitle "EXT 2007"]
[Source "ChessBase"]
[SourceDate "2006.11.23"]
[SourceVersion "1"]
[SourceVersionDate "2006.11.23"]
[SourceQuality "1"]

1. Nf3 d5 2. b3 Bf5 3. Bb2 e6 4. e3 Nf6 5. c4 c6 6. Be2 h6 7. Nc3 Bd6 8. d4 0-0 9. Bd3 Bxd3 10. Qxd3 Nbd7 11. 0-0 Rc8 12. e4 dxe4 13. Nxe4 Nxe4 14. Qxe4 Nf6 15. Qh4 Re8 16. Rfe1 b5 17. c5 Bc7 18. Bc1 Nd5 19. Qg4 Qf6 20. a4 b4 21. Ne5 Bxe5 22. dxe5 Qg6 23. Qc4 Rc7 24. a5 Rb8 25. Bd2 Rb5 26. g3 Qf5 27. Kg2 Kh8 28. h4 1/2-1/2

[Event "Nachodsko-ch"]
[Site "Nachod"]
[Date "2001.??.??"]
[Round "1"]
[White "Pinkava, Josef"]
[Black "Hejzlar, Zdenek"]
[Result "1-0"]
[WhiteElo "1880"]
[BlackElo "1945"]
[PlyCount "51"]
[EventDate "2001.??.??"]
[EventType "tourn"]
[EventRounds "13"]
[EventCountry "CZE"]
[SourceTitle "EXT 2007"]
[Source "ChessBase"]
[SourceDate "2006.11.23"]
[SourceVersion "1"]
[SourceVersionDate "2006.11.23"]
[SourceQuality "1"]

1. e4 d5 2. exd5 Nf6 3. d4 Nxd5 4. c4 Nb4 5. a3 N4a6 6. Nc3 c6 7. Bg5 Qa5 8. Bd2 Qc7 9. Nge2 e5 10. Rc1 Bg4 11. d5 Nc5 12. Be3 Nbd7 13. f3 Bf5 14. Ng3 Bg6 15. b4 Na6 16. c5 Rd8 17. d6 Qc8 18. Bxa6 bxa6 19. 0-0 f5 20. Bg5 Nf6 21. Re1 Qe6 22. Qa4 h6 23. Qxc6+ Rd7 24. Bxf6 gxf6 25. Nd5 Kf7 26. Nc7 1-0